NFL Las Vegas Raiders 2022-2023 Active Roster - Statistics

General Stats
  • This quiz has been taken 239 times
    184 since last reset
  • The average score is 18 of 62
Answer Stats
Hint Answer % Correct
WR Davante Adams
98%
QB Derek Carr
95%
RB Josh Jacobs
94%
DE Maxx Crosby
85%
WR Hunter Renfrow
83%
TE Darren Waller
81%
QB Jarrett Stidham
68%
DE Chandler Jones
66%
K Daniel Carlson
66%
CB Sidney Jones
65%
WR Mack Hollins
52%
P AJ Cole
51%
FB Jakob Johnson
51%
RB Zamir White
51%
WR Keelan Cole
49%
RB Ameer Abdullah
48%
T Kolton Miller
44%
TE Foster Moreau
43%
CB Nate Hobbs
41%
RB Brandon Bolden
36%
C Andre James
35%
FS Tre'von Moehrig
32%
LB Denzel Perryman
31%
LB Jayon Brown
31%
CB Rock Ya-Sin
27%
CB Amik Robertson
25%
G Dylan Parham
25%
G Alex Bars
20%
DE Clelin Ferrell
20%
LB Divine Deablo
18%
WR DJ Turner
16%
DT Jerry Tillery
16%
DE Malcolm Koonce
16%
DT Matthew Butler
16%
LB Darien Butler
15%
LB Darien Butler
15%
LS Trent Sieg
15%
DT Bilal Nichols
14%
FS Duron Harmon
13%
LB Luke Masterson
13%
DT Andrew Billings
12%
T Jermaine Eluemunor
12%
CB Sam Webb
11%
T Thayer Munford Jr.
11%
T Brandon Parker
10%
FS Isaiah Pola-Mao
10%
TE Jesper Horsted
10%
CB Tyler Hall
10%
TE Jacob Hollister
9%
G John Simpson
9%
CB Anthony Averett
8%
T Jackson Barton
7%
SS Roderic Teamer
7%
DE Tashawn Bower
7%
DE Jordan Jenkins
6%
LB Curtis Bolton
5%
DT Neil Farrell Jr.
5%
DT Kyle Peko
4%
G Lester Cotton Sr.
4%
SS Matthias Farley
3%
T Justin Herron
2%
LB Micah Kiser
1%
No matching quizzes found
Score Distribution
Percent of People with Each Score
Percentile by Number Answered
Your Score History
You have not taken this quiz since the last reset